00541nam a2200157Ia 4500100001600000942000700016654001400023245005200037260003800089082001300127300000800140546001200148999001700160952010300177952010300280 aKhurmi/R.S  cBK amechanics aHydralic fluid mechanics and hydraulic machines bS.Chand and Co.aNew Dellhic1985 a532bKHU a982 aENGLISH c33610d33610 001040708CRCaCRCEbCRCEd2023-03-17g50.00l0o532 KHUp239r2023-03-17v50.00w2023-03-17yBK 001040708CRCaCRCEbCRCEd2023-03-17g50.00l0o532 KHUp240r2023-03-17v50.00w2023-03-17yBK